| 000 -LEADER |
| fixed length control field |
00549cam a22001457a 4500 |
| 008 - FIXED-LENGTH DATA ELEMENTS--GENERAL INFORMATION |
| fixed length control field |
180718b2001 xxu||||| |||| 00| 0 eng d |
| 082 ## - DEWEY DECIMAL CLASSIFICATION NUMBER |
| Classification number |
APPPA 2000-01 AGA/1 |
| 100 ## - MAIN ENTRY--PERSONAL NAME |
| Personal name |
Agarwal, Ganga Ram |
| 245 ## - TITLE STATEMENT |
| Title |
Acquisition of technology for state of the art: 3 phase electric locomotives by Indian railways: a case study |
| Statement of responsibility, etc. |
by Ganga Ram Agarwal |
| 260 ## - PUBLICATION, DISTRIBUTION, ETC. |
| Place of publication, distribution, etc. |
New Delhi |
| Name of publisher, distributor, etc. |
Indian Institute of Public Administration |
| Date of publication, distribution, etc. |
2001 |
| 300 ## - PHYSICAL DESCRIPTION |
| Extent |
v.p. |
| 650 ## - SUBJECT ADDED ENTRY--TOPICAL TERM |
| Topical term or geographic name entry element |
APPPA |
| 650 ## - SUBJECT ADDED ENTRY--TOPICAL TERM |
| Topical term or geographic name entry element |
Railways - Communication systems |
| 650 ## - SUBJECT ADDED ENTRY--TOPICAL TERM |
| Topical term or geographic name entry element |
Railways - Electric equipment - India |